Pioneering organizations: individualism the convergence of teamwork and leadership (Record no. 396097)

000 -LEADER
fixed length control field 00610cam a22001817a 4500
008 - FIXED-LENGTH DATA ELEMENTS--GENERAL INFORMATION
fixed length control field 180718b2000 xxu||||| |||| 00| 0 eng d
020 ## - INTERNATIONAL STANDARD BOOK NUMBER
International Standard Book Number 1890009849
082 ## - DEWEY DECIMAL CLASSIFICATION NUMBER
Classification number I513 D29
100 ## - MAIN ENTRY--PERSONAL NAME
Personal name Davis, Larry N.
245 ## - TITLE STATEMENT
Title Pioneering organizations: individualism the convergence of teamwork and leadership
Statement of responsibility, etc. by Larry N. Davis
260 ## - PUBLICATION, DISTRIBUTION, ETC.
Place of publication, distribution, etc. Provo
Name of publisher, distributor, etc. Executive Excellence
Date of publication, distribution, etc. 2000
300 ## - PHYSICAL DESCRIPTION
Extent 270p.
650 ## - SUBJECT ADDED ENTRY--TOPICAL TERM
Topical term or geographic name entry element Leadership
650 ## - SUBJECT ADDED ENTRY--TOPICAL TERM
Topical term or geographic name entry element Teams in the workplace - United States
650 ## - SUBJECT ADDED ENTRY--TOPICAL TERM
Topical term or geographic name entry element Individualism - United States
650 ## - SUBJECT ADDED ENTRY--TOPICAL TERM
Topical term or geographic name entry element Organizational change - United States
650 ## - SUBJECT ADDED ENTRY--TOPICAL TERM
Topical term or geographic name entry element Organizational effectiveness
Holdings
Withdrawn status Lost status Damaged status Not for loan Permanent Location Current Location Date acquired Full call number Barcode Date last seen Price effective from Koha item type
        Indian Institute of Public Administration Indian Institute of Public Administration 2001-02-28 I513 D29 76392 2018-07-21 2018-07-21 Book

Powered by Koha